000
00287nam a22001097a 4500
082
_a
954.9204 JIL'F
100
_a
JILANI, S. G MAJOR
_9
76063
245
_a
FIFTEEN GOVERNERS I SERVED WITH UNTOLD STORY OF EAST PAKISTAN
260
_a
LAHORE
_b
BOOKMARK
_c
1979
300
_a
235P
942
_c
BK
999
_c
581479
_d
581479